Score 0/19 Timer 05:00
0 Plays Today
Number Book % Correct
1The Thieves of Ostia
100%
3The Pirates of Pompeii
92.3%
2The Secrets of Vesuvius
76.9%
5The Dolphins of Laurentum
69.2%
6The Twelve Tasks of Flavia Gemina
61.5%
17The man from Pomegranate Street
61.5%
4The Assassins of Rome
53.8%
11The Sirens of Surrentum
53.8%
13The Slave-Girl from Jerusalem
53.8%
7The Enemies of Jupiter
46.2%
Number Book % Correct
8The Gladiators from Capua
46.2%
9The Colossus of Rhodes
46.2%
12The Charioteer of Delphi
46.2%
14The Beggar of Volubilis
38.5%
15The Scribes from Alexandria
38.5%
16The Prophet from Ephesus
38.5%
10The Fugitive from Corinth
30.8%
Mini MysteriesTrimalchio's Feast and other Mini-Mysteries
15.4%
Mini MysteryThe Code of Romulus
7.7%

You're not logged in!

Compare scores with friends on all Sporcle quizzes.
OR
Log In

Sporcle TV

Today on Sporcle TV


Watch our educational content, quiz creation guides, and fun videos on Sporcle TV.

Show Comments

Extras

Top Quizzes Today


Score Distribution

Paid Content

Your Account Isn't Verified!

In order to create a playlist on Sporcle, you need to verify the email address you used during registration. Go to your Sporcle Settings to finish the process.

Report this User

Report this user for behavior that violates our Community Guidelines.

Details: